[Event "16.Open Seefeld"]
[Site "Oesterreich / Seefeld"]
[Date "2005.09.22"]
[Round "6"]
[White "Kesik, Klaus-Dieter"]
[Black "Rausch, Stephan"]
[Result "0-1"]
[WhiteElo "2266"]
[BlackElo "2337"]
[PlyCount "124"]
[EventDate "2005.09.17"]

1. Nf3 d5 2. b3 Nf6 3. Bb2 g6 4. c4 c6 5. e3 Bg7 6. Be2 O-O 7. O-O Nbd7 8. cxd5
cxd5 9. d4 Ne4 10. Nc3 Ndf6 11. Nd2 Nd6 12. Bf3 e6 13. Qe2 Re8 14. Nb5 Nxb5 15.
Qxb5 a6 16. Qe2 Bd7 17. Rfc1 Qe7 18. a3 Bc6 19. Qd1 h5 20. b4 Rec8 21. Be2 Bf8
22. Nf3 Qe8 23. Ne5 Ba4 24. Qe1 Bb5 25. Nd3 b6 26. Rxc8 Rxc8 27. Rc1 Kg7 28. f3
Rc4 29. Rxc4 Bxc4 30. Ne5 Bxe2 31. Qxe2 Qc8 32. Qd2 Nd7 33. Qc3 Qxc3 34. Bxc3
Nxe5 35. dxe5 Kh6 36. e4 dxe4 37. fxe4 Be7 38. a4 b5 39. axb5 axb5 40. Kf2 Bg5
41. Bd4 Kg7 42. Ke2 Be7 43. Bc5 Bh4 44. Kd3 Be1 45. Be7 Kh6 46. Bd6 g5 47. Ke2
Bc3 48. Kd3 Bb2 49. g3 g4 50. Bb8 h4 51. Bc7 h3 52. Bd6 Kg6 53. Bc7 Bc1 54. Ke2
Kg7 55. Bd6 Bg5 56. Kf2 Bd2 57. Bc5 Bc3 58. Bd6 Bd4+ 59. Kf1 Kg8 60. Bc7 Kf8
61. Ke2 Ke8 62. Kd3 Bf2 0-1

[Event "16.Open Seefeld"]
[Site "Oesterreich / Seefeld"]
[Date "2005.09.22"]
[Round "6"]
[White "Ivanov, Michail"]
[Black "Pilz, Dieter"]
[Result "1-0"]
[WhiteElo "2426"]
[BlackElo "2303"]
[PlyCount "103"]
[EventDate "2005.09.17"]

1. Nf3 Nf6 2. c4 c5 3. Nc3 g6 4. d4 cxd4 5. Nxd4 Bg7 6. e4 d6 7. Be2 O-O 8. O-O
Nc6 9. Be3 Bd7 10. Nc2 a5 11. f4 Nb4 12. Na3 Bc6 13. Bf3 Nd7 14. Qe2 a4 15.
Rfd1 Qc8 16. Rac1 Na6 17. Nd5 Bxd5 18. cxd5 Qd8 19. Qb5 Nac5 20. Nc4 g5 21.
fxg5 Ne5 22. Nxe5 Bxe5 23. Bd4 Bxd4+ 24. Rxd4 Nd7 25. Rc3 Ne5 26. Rb4 a3 27.
bxa3 Rc8 28. Rbb3 Rxc3 29. Rxc3 Qa8 30. Qe2 Rc8 31. Qe3 Kg7 32. h4 Rxc3 33.
Qxc3 Qa7+ 34. Kf1 Qb6 35. h5 Qb1+ 36. Kf2 Qxa2+ 37. Kg3 Qb1 38. a4 f6 39. gxf6+
exf6 40. a5 Qg1 41. Kf4 Qh2+ 42. Kf5 Qh4 43. Ke6 f5 44. Qc7+ Kg8 45. Qc8+ Kg7
46. Qxb7+ Kg8 47. Qb8+ Kg7 48. Qc7+ Kg8 49. Qxd6 Nf7 50. Qb8+ Kg7 51. Qb2+ Kg8
52. Qf6 1-0

[Event "16.Open Seefeld"]
[Site "Oesterreich / Seefeld"]
[Date "2005.09.22"]
[Round "6"]
[White "Meschke, Andreas"]
[Black "Feige, Manuel"]
[Result "0-1"]
[WhiteElo "2154"]
[BlackElo "2387"]
[PlyCount "100"]
[EventDate "2005.09.17"]

1. e4 c5 2. Nf3 d6 3. Bb5+ Bd7 4. Bxd7+ Qxd7 5. O-O Nc6 6. d3 e6 7. Nc3 Nf6 8.
Bg5 Be7 9. Qe2 O-O 10. Rad1 a6 11. d4 cxd4 12. Nxd4 b5 13. a3 Rac8 14. Nxc6
Qxc6 15. Rd3 Rfe8 16. Rfd1 Qc4 17. Qf3 a5 18. R1d2 b4 19. axb4 axb4 20. Bxf6
Bxf6 21. b3 Qc6 22. Nd1 d5 23. exd5 exd5 24. g3 d4 25. Qxc6 Rxc6 26. Nb2 Re1+
27. Kg2 h6 28. Nc4 Rc1 29. Re2 Ra6 30. Rdd2 g5 31. Ne5 Bxe5 32. Rxe5 d3 33.
Rxd3 Rxc2 34. Rb5 Rf6 35. Rf3 Rxf3 36. Kxf3 Rc3+ 37. Kg4 Rxb3 38. Kh5 Kg7 39.
Rb6 Rb2 40. h4 gxh4 41. gxh4 b3 42. f4 Rf2 43. Rxb3 Rxf4 44. Rb7 Re4 45. Ra7
Re5+ 46. Kg4 h5+ 47. Kf4 Rb5 48. Rc7 Kg6 49. Rc6+ f6 50. Ra6 Rb3 0-1

[Event "16.Open Seefeld"]
[Site "Oesterreich / Seefeld"]
[Date "2005.09.22"]
[Round "6"]
[White "Weinzettl, Ernst"]
[Black "Keller, Manfred"]
[Result "1/2-1/2"]
[WhiteElo "2347"]
[BlackElo "2184"]
[PlyCount "99"]
[EventDate "2005.09.17"]

1. e4 Nf6 2. Nc3 e5 3. Nf3 Nc6 4. d4 exd4 5. Nxd4 Bb4 6. Nxc6 bxc6 7. Bd3 d5 8.
exd5 cxd5 9. O-O O-O 10. Bg5 c6 11. Qf3 Be7 12. h3 Be6 13. Na4 Nd7 14. Bf4 Nb6
15. Nc3 Bd6 16. Ne2 c5 17. c3 Bxf4 18. Qxf4 Nd7 19. Rad1 Qf6 20. Rfe1 Rab8 21.
b3 Rfd8 22. Bc2 Qxf4 23. Nxf4 Nf8 24. Re5 d4 25. Rxc5 dxc3 26. Rxd8 Rxd8 27.
Nxe6 Nxe6 28. Rxc3 g6 29. Bd3 Kg7 30. g3 g5 31. Bc4 Nd4 32. Kg2 Kf6 33. Rd3 Rd7
34. b4 Ke5 35. Re3+ Kf6 36. a4 Nc2 37. Rb3 Rd4 38. Bb5 Nxb4 39. Rc3 Nd5 40.
Rc6+ Kg7 41. Ra6 Nc7 42. Rxa7 Nxb5 43. axb5 Rb4 44. Rb7 h5 45. f3 Rb2+ 46. Kg1
Kf6 47. Rb8 h4 48. gxh4 gxh4 49. Rb7 Kg5 50. Rxf7 1/2-1/2

[Event "16.Open Seefeld"]
[Site "Oesterreich / Seefeld"]
[Date "2005.09.22"]
[Round "6"]
[White "Schunk, Thomas"]
[Black "Voss, Ingo"]
[Result "1-0"]
[WhiteElo "2315"]
[BlackElo "2149"]
[PlyCount "111"]
[EventDate "2005.09.17"]

1. c4 f5 2. g3 Nf6 3. Bg2 g6 4. Nc3 Bg7 5. d4 d6 6. Nf3 O-O 7. O-O Qe8 8. d5 a5
9. Nd4 Na6 10. Rb1 Bd7 11. b3 Rb8 12. a3 c5 13. Ndb5 Qd8 14. Qd3 Nc7 15. Nxc7
Qxc7 16. a4 Rf7 17. f4 Re8 18. e3 Kh8 19. Bd2 Qb6 20. Rfe1 Kg8 21. Rbd1 Qd8 22.
h3 b6 23. Kh2 Qc8 24. Re2 Ref8 25. Rde1 Re8 26. Bc1 Kh8 27. Bb2 Kg8 28. Qb1 Kf8
29. Qa1 Kg8 30. Qb1 Kf8 31. Qc1 Kg8 32. e4 fxe4 33. Nxe4 Nxe4 34. Rxe4 Qd8 35.
Bxg7 Rxg7 36. g4 Qc8 37. Kg3 Rf7 38. R4e2 Qd8 39. Be4 Ref8 40. Qe3 Rxf4 41.
Qxf4 Rxf4 42. Kxf4 e5+ 43. dxe6 Qf6+ 44. Kg3 Bxe6 45. Bf3 Bf7 46. Re7 h5 47. h4
g5 48. hxg5 h4+ 49. Kg2 Qxg5 50. R7e3 Qf4 51. Bc6 Kg7 52. Rf3 Qd2+ 53. Kf1 Qh2
54. Re7 Qh1+ 55. Ke2 Qg2+ 56. Kd3 1-0

[Event "16.Open Seefeld"]
[Site "Oesterreich / Seefeld"]
[Date "2005.09.22"]
[Round "6"]
[White "Vrban, Damir"]
[Black "Tscharotschkin, Michael"]
[Result "1/2-1/2"]
[WhiteElo "2133"]
[BlackElo "2243"]
[PlyCount "34"]
[EventDate "2005.09.17"]

1. g3 d5 2. Bg2 Nf6 3. d3 g6 4. f4 Bg7 5. Nf3 O-O 6. O-O e6 7. c3 b6 8. Na3 Bb7
9. Qe1 Nbd7 10. h3 Qe7 11. Nh4 Rad8 12. g4 Ne8 13. Be3 Nd6 14. Qg3 f5 15. Nc2
c5 16. Rad1 Nf6 17. Nf3 Nf7 1/2-1/2

[Event "16.Open Seefeld"]
[Site "Oesterreich / Seefeld"]
[Date "2005.09.22"]
[Round "6"]
[White "Kyas, Juergen"]
[Black "Christiansmeier, Sven"]
[Result "1-0"]
[WhiteElo "2240"]
[BlackElo "2044"]
[PlyCount "39"]
[EventDate "2005.09.17"]

1. e4 e5 2. Bc4 Nf6 3. d3 Nc6 4. Nf3 h6 5. O-O Bc5 6. Nbd2 d6 7. c3 O-O 8. h3
a6 9. Bb3 d5 10. Re1 dxe4 11. dxe4 Re8 12. Qe2 Be6 13. Bc2 Nh5 14. Nb3 Ng3 15.
Qd1 Bb6 16. Be3 Bxe3 17. Rxe3 Nh5 18. Nc5 Nf4 19. Qxd8 Raxd8 20. Nxb7 1-0

[Event "16.Open Seefeld"]
[Site "Oesterreich / Seefeld"]
[Date "2005.09.22"]
[Round "6"]
[White "Stabolewski, Andreas"]
[Black "Thoeny, Hermann"]
[Result "0-1"]
[WhiteElo "2225"]
[BlackElo "2136"]
[PlyCount "106"]
[EventDate "2005.09.17"]

1. d3 d5 2. f4 g6 3. Nf3 Bg7 4. g3 c6 5. Nc3 Nf6 6. Bg2 Qb6 7. e4 O-O 8. e5 Ng4
9. d4 Nh6 10. O-O Bg4 11. Na4 Qc7 12. Be3 Na6 13. b3 Rfd8 14. h3 Bxf3 15. Rxf3
Nf5 16. Bf2 b5 17. Nb2 c5 18. a4 cxd4 19. Bxd4 Nxd4 20. Qxd4 b4 21. Nd3 Rab8
22. Re1 e6 23. g4 Bf8 24. Qb2 Rdc8 25. Re2 Nc5 26. Nf2 Rb6 27. Bf1 Rc6 28. Re1
Ne4 29. Bd3 Nd2 30. Rg3 Qb6 31. Kg2 Bc5 32. Re2 Bd4 33. a5 Qc5 34. Qa2 Bxf2 35.
Rxf2 Ne4 36. Bxe4 dxe4 37. Re2 Qd5 38. Rge3 Qd1 39. c4 bxc3 40. Qc2 Qd5 41.
Rxe4 Qxa5 42. Rd4 Qb5 43. Re3 Rc5 44. Red3 Qc6+ 45. Kh2 Kg7 46. h4 Qa6 47. b4
Rc4 48. f5 Rxd4 49. f6+ Kf8 50. Rxd4 Qb5 51. Kh3 Qxe5 52. Qf2 c2 53. Qd2 Qxd4
0-1

[Event "16.Open Seefeld"]
[Site "Oesterreich / Seefeld"]
[Date "2005.09.22"]
[Round "6"]
[White "Riedl, Johannes"]
[Black "Sailer, Douglas"]
[Result "0-1"]
[WhiteElo "2118"]
[BlackElo "2224"]
[PlyCount "42"]
[EventDate "2005.09.17"]

1. Nf3 d5 2. c4 e6 3. g3 Nf6 4. Bg2 Be7 5. O-O O-O 6. b3 c5 7. Bb2 Nc6 8. cxd5
exd5 9. h3 Re8 10. d4 Ne4 11. dxc5 Bxc5 12. e3 Qd6 13. Nd4 Qh6 14. Nxc6 bxc6
15. h4 Ba6 16. Re1 Nxf2 17. Kxf2 Bxe3+ 18. Kf3 Qh5+ 19. g4 Qh6 20. Kg3 Qf4+ 21.
Kh3 Bf2 0-1

[Event "16.Open Seefeld"]
[Site "Oesterreich / Seefeld"]
[Date "2005.09.22"]
[Round "6"]
[White "Maurer, Rainer"]
[Black "Ballon, Guenther-Jan"]
[Result "1/2-1/2"]
[WhiteElo "2035"]
[BlackElo "2213"]
[PlyCount "33"]
[EventDate "2005.09.17"]

1. d4 d5 2. Nf3 c6 3. c4 e6 4. g3 Nf6 5. Bg2 Nbd7 6. Qd3 Bd6 7. Nc3 O-O 8. O-O
dxc4 9. Qxc4 e5 10. Rd1 Qe7 11. e4 Nb6 12. Qe2 Bg4 13. Be3 Rfe8 14. h3 Bxf3 15.
Bxf3 exd4 16. Bxd4 Be5 17. Qc2 1/2-1/2

[Event "16.Open Seefeld"]
[Site "Oesterreich / Seefeld"]
[Date "2005.09.22"]
[Round "6"]
[White "Wempe, Juergen"]
[Black "Strasser, Josef (D)"]
[Result "1-0"]
[WhiteElo "2202"]
[BlackElo "1940"]
[PlyCount "73"]
[EventDate "2005.09.17"]

1. e4 d5 2. exd5 Nf6 3. Bb5+ Bd7 4. Bc4 Bg4 5. f3 Bc8 6. Nc3 Nbd7 7. Nge2 Nb6
8. Bb3 Nbxd5 9. d4 e6 10. Ne4 Be7 11. O-O O-O 12. c3 c6 13. Qd3 a5 14. Bc2 g6
15. Bh6 Re8 16. Qd2 b5 17. Rad1 Bf8 18. Nc1 Ba6 19. Bxf8 Rxf8 20. Nc5 Nd7 21.
Nxd7 Qxd7 22. Nd3 Qd6 23. Rfe1 Nb6 24. Qh6 Nd7 25. Nf4 Nf6 26. Re5 Ra7 27. Rde1
Bc8 28. Nh3 Re8 29. Nf2 Qf8 30. Qh4 Nd7 31. Ne4 f6 32. Rxe6 Rxe6 33. Bb3 Qe7
34. Nd6 Qxd6 35. Rxe6 Qb8 36. Rxf6+ Kh8 37. Rf7 1-0

[Event "16.Open Seefeld"]
[Site "Oesterreich / Seefeld"]
[Date "2005.09.22"]
[Round "6"]
[White "Aigner, Georg"]
[Black "Mertens, Klaus"]
[Result "0-1"]
[WhiteElo "2033"]
[BlackElo "2144"]
[PlyCount "140"]
[EventDate "2005.09.17"]

1. e4 c5 2. Nf3 e6 3. d4 cxd4 4. Nxd4 a6 5. Nc3 Qc7 6. Bd3 Nf6 7. O-O d6 8. Re1
Nbd7 9. Nf3 Be7 10. h3 b5 11. a3 Bb7 12. Bf4 O-O 13. Qe2 e5 14. Bg5 h6 15. Bd2
Nc5 16. Be3 Ne6 17. Nh2 Rfe8 18. Ng4 Nf8 19. Nxf6+ Bxf6 20. Qg4 Qd7 21. Qf3 Bd8
22. Nd5 Ne6 23. Qg4 Nc5 24. Qe2 Bxd5 25. exd5 Nxd3 26. Qxd3 Rc8 27. c3 f5 28.
Rad1 f4 29. Bc1 Bb6 30. Re2 Rf8 31. Qf3 Qf5 32. Kh1 Rc4 33. Bd2 h5 34. Rde1 g6
35. Re4 Rfc8 36. Rxc4 Rxc4 37. b3 Rc5 38. Rc1 Rc8 39. Kh2 Rf8 40. Qe2 f3 41.
gxf3 Qxf3 42. Qxf3 Rxf3 43. Be3 Bxe3 44. fxe3 Rxe3 45. a4 Rd3 46. c4 b4 47. c5
dxc5 48. Rxc5 Rxb3 49. Rc6 Kf7 50. Rxa6 Rd3 51. Rb6 b3 52. Rb5 Rd2+ 53. Kg3 b2
54. Rb7+ Kf6 55. Kf3 Rxd5 56. Rxb2 Rd3+ 57. Kg2 Ra3 58. Rb4 g5 59. h4 g4 60.
Rc4 Kf5 61. Rb4 e4 62. Rb5+ Kf4 63. a5 Ra2+ 64. Kf1 e3 65. Rxh5 e2+ 66. Ke1 g3
67. Rg5 Kf3 68. Rf5+ Kg4 69. Re5 Kh3 70. Rxe2 g2 0-1

[Event "16.Open Seefeld"]
[Site "Oesterreich / Seefeld"]
[Date "2005.09.22"]
[Round "6"]
[White "Ranker, Klemens"]
[Black "Mueller, Norbert"]
[Result "0-1"]
[WhiteElo "1955"]
[BlackElo "2138"]
[PlyCount "102"]
[EventDate "2005.09.17"]

1. e4 g6 2. d4 Bg7 3. Nf3 d6 4. h3 c6 5. Bd3 Nd7 6. O-O Qc7 7. Re1 e5 8. c3
Ngf6 9. Bg5 h6 10. Be3 O-O 11. Nbd2 Re8 12. Qc2 d5 13. dxe5 dxe4 14. Nxe4 Nxe4
15. Bxe4 Nxe5 16. Nxe5 Qxe5 17. Bd4 Qg5 18. Be3 Qe7 19. Bd2 Be6 20. Be3 Kh7 21.
Bf3 Qc7 22. Rad1 Qa5 23. a3 Bf5 24. Qb3 Re7 25. Rd2 Rae8 26. Red1 Bf6 27. Qc4
Qc7 28. Qc5 Bg5 29. Re2 Bxe3 30. fxe3 Qg3 31. Qxa7 Bxh3 32. Qc5 Bf5 33. Rde1
Be4 34. Bxe4 Rxe4 35. Rf1 R8e7 36. Rf3 Qg4 37. Qd6 Qh5 38. Kf2 Qb5 39. Qd8 R4e5
40. Qf8 Qd5 41. Qc8 f5 42. g3 g5 43. Qf8 Rf7 44. Qb4 c5 45. Qa4 Re4 46. Qc2 g4
47. Rd2 Qc6 48. Rf4 Rxf4+ 49. gxf4 Qf3+ 50. Ke1 Qxe3+ 51. Re2 Qg1+ 0-1

[Event "16.Open Seefeld"]
[Site "Oesterreich / Seefeld"]
[Date "2005.09.22"]
[Round "6"]
[White "Meier, Alexander"]
[Black "Kozlov, Alexander"]
[Result "1-0"]
[WhiteElo "1972"]
[BlackElo "2135"]
[PlyCount "81"]
[EventDate "2005.09.17"]

1. e4 c5 2. Nf3 e6 3. d3 Nc6 4. g3 d5 5. Nbd2 Bd6 6. Bg2 Nge7 7. O-O O-O 8. Re1
b5 9. e5 Bc7 10. Nf1 Bb7 11. h4 Qb8 12. Be3 d4 13. Bg5 h6 14. N1h2 Ng6 15. h5
Ngxe5 16. Nxe5 Nxe5 17. Bxb7 Qxb7 18. Be7 Rfc8 19. Bxc5 Qd5 20. Bb4 a5 21. Bd2
Bd6 22. f4 Nd7 23. g4 Qc5 24. Rc1 Nf6 25. Qf3 Qc7 26. c4 dxc3 27. Rxc3 Qd8 28.
g5 hxg5 29. fxg5 Rxc3 30. bxc3 Bxh2+ 31. Kxh2 Nd5 32. Rf1 Ra7 33. Kh3 Qc8 34.
g6 f5 35. Qe2 Nf6 36. Re1 Re7 37. Bg5 Qxc3 38. Rc1 Qd4 39. Rc8+ Ne8 40. Bxe7
Qd7 41. Rxe8+ 1-0

[Event "16.Open Seefeld"]
[Site "Oesterreich / Seefeld"]
[Date "2005.09.22"]
[Round "6"]
[White "Fournell, Udo"]
[Black "Santl, Anton"]
[Result "1-0"]
[WhiteElo "1891"]
[BlackElo "2132"]
[PlyCount "55"]
[EventDate "2005.09.17"]

1. e4 c5 2. Nf3 d6 3. d4 cxd4 4. Nxd4 Nf6 5. Nc3 a6 6. Bg5 e6 7. f4 Be7 8. Qf3
Qc7 9. O-O-O Nbd7 10. g4 b5 11. Bxf6 Nxf6 12. g5 Nd7 13. f5 Nc5 14. f6 gxf6 15.
gxf6 Bf8 16. Rg1 Bd7 17. Rg7 O-O-O 18. Rxf7 Bh6+ 19. Kb1 Rdf8 20. Rxf8+ Rxf8
21. Bh3 Kb8 22. b4 Na4 23. Nxa4 bxa4 24. Bxe6 Bg5 25. Bxd7 Qxd7 26. e5 Qb7 27.
Qxb7+ Kxb7 28. Ne6 1-0

[Event "16.Open Seefeld"]
[Site "Oesterreich / Seefeld"]
[Date "2005.09.22"]
[Round "6"]
[White "Schoetzig, Detlef"]
[Black "Hoffmann, Bernhard"]
[Result "1-0"]
[WhiteElo "2124"]
[BlackElo "1950"]
[PlyCount "75"]
[EventDate "2005.09.17"]

1. c4 Nf6 2. Nc3 e5 3. Nf3 Nc6 4. e4 Bc5 5. Nxe5 Nxe5 6. d4 Bb4 7. dxe5 Nxe4 8.
Qd4 Nxc3 9. bxc3 Be7 10. Qg4 g6 11. Qg3 h5 12. Be3 d5 13. Rd1 c6 14. cxd5 cxd5
15. Bb5+ Kf8 16. Bd3 h4 17. Qf3 Kg8 18. Bc4 Qc7 19. Bxd5 Qxc3+ 20. Kf1 Bf5 21.
Bd4 Qb4 22. Qb3 Qxb3 23. Bxb3 h3 24. e6 f6 25. f3 hxg2+ 26. Kxg2 b6 27. Bb2 Rh5
28. h4 Kf8 29. Rd7 b5 30. Rhd1 a5 31. Rxe7 Kxe7 32. Rd7+ Ke8 33. Bxf6 a4 34.
Rg7 Rh8 35. Bd5 Rc8 36. Re7+ Kf8 37. Rf7+ Kg8 38. e7 1-0

[Event "16.Open Seefeld"]
[Site "Oesterreich / Seefeld"]
[Date "2005.09.22"]
[Round "6"]
[White "Lagrotteria, Salvatore"]
[Black "Platzgummer, Fabian"]
[Result "1-0"]
[WhiteElo "2214"]
[BlackElo "2032"]
[PlyCount "99"]
[EventDate "2005.09.17"]

1. d4 d5 2. c4 e5 3. dxe5 d4 4. Nf3 Nc6 5. g3 Be6 6. b3 Qd7 7. Bg2 O-O-O 8. h3
Nge7 9. a3 Ng6 10. Bf4 h5 11. h4 f6 12. Nbd2 Ngxe5 13. Bxe5 Nxe5 14. Nxe5 fxe5
15. Ne4 Be7 16. Qd2 d3 17. e3 Bg4 18. Ra2 Rhf8 19. Qa5 Qf5 20. O-O Be2 21. Qxa7
Bxf1 22. Kxf1 c6 23. Rd2 g5 24. hxg5 h4 25. gxh4 Rh8 26. Ng3 Qf8 27. Qa8+ Kc7
28. Qa5+ Kb8 29. Qxe5+ Bd6 30. Qf6 Bxg3 31. fxg3 Qxf6+ 32. gxf6 Rhf8 33. Be4
Rxf6+ 34. Kg2 Re6 35. Rxd3 Rxd3 36. Bxd3 Rxe3 37. Bg6 Kc7 38. h5 Rxb3 39. h6
Rxa3 40. h7 Ra8 41. Kf3 Kd6 42. Kf4 b5 43. Kg5 Ke5 44. Kh6 bxc4 45. g4 c3 46.
g5 Kf4 47. Bc2 c5 48. g6 Ke3 49. g7 Kd2 50. Bg6 1-0

[Event "16.Open Seefeld"]
[Site "Oesterreich / Seefeld"]
[Date "2005.09.22"]
[Round "6"]
[White "Ermel, Dirk"]
[Black "Stock, Juergen"]
[Result "1-0"]
[WhiteElo "2208"]
[BlackElo "2031"]
[PlyCount "69"]
[EventDate "2005.09.17"]

1. e4 e6 2. d3 d5 3. Qe2 Nf6 4. Nf3 c5 5. g3 Nc6 6. Bg2 b6 7. O-O Bb7 8. e5 Nd7
9. Re1 g6 10. h4 Bg7 11. Bf4 Qe7 12. Nbd2 Nd8 13. c3 O-O 14. Bh3 Re8 15. d4
cxd4 16. Nxd4 Nc6 17. N2f3 Nc5 18. Qe3 Ne4 19. Nxc6 Bxc6 20. Nd4 Bd7 21. f3 Nc5
22. Bg5 Qf8 23. Bf1 a6 24. Rac1 h6 25. Bf4 f6 26. exf6 Qxf6 27. Bxh6 e5 28. Nc2
Bxh6 29. Qxh6 Ne6 30. Ne3 Qxf3 31. Qxg6+ Ng7 32. Bg2 Qf8 33. Bxd5+ Be6 34. Be4
Qc5 35. b4 1-0

[Event "16.Open Seefeld"]
[Site "Oesterreich / Seefeld"]
[Date "2005.09.22"]
[Round "6"]
[White "Di Lazzaro, Gabriele"]
[Black "Gruber, Michael"]
[Result "1/2-1/2"]
[WhiteElo "2025"]
[BlackElo "2122"]
[PlyCount "47"]
[EventDate "2005.09.17"]

1. e4 c6 2. c4 d5 3. exd5 cxd5 4. cxd5 Qxd5 5. Nc3 Qa5 6. Nf3 Nf6 7. Bc4 e6 8.
O-O Be7 9. d4 Nbd7 10. d5 exd5 11. Nxd5 Nxd5 12. Bxd5 Nf6 13. Bb3 O-O 14. Re1
Bb4 15. Re5 Qc7 16. h3 Bd6 17. Re2 Bf5 18. Nd4 Rad8 19. Be3 Bf4 20. Qe1 Bd3 21.
Rd2 Ba6 22. Bxf4 Qxf4 23. Nf3 Rxd2 24. Qxd2 1/2-1/2

[Event "16.Open Seefeld"]
[Site "Oesterreich / Seefeld"]
[Date "2005.09.22"]
[Round "6"]
[White "Schmidt, Juergen"]
[Black "Werner, Bernd"]
[Result "1-0"]
[WhiteElo "2122"]
[BlackElo "2012"]
[PlyCount "89"]
[EventDate "2005.09.17"]

1. e4 e6 2. d4 d5 3. Nc3 Bb4 4. e5 Ne7 5. a3 Bxc3+ 6. bxc3 c5 7. a4 Nbc6 8. Nf3
Qc7 9. Be2 Bd7 10. O-O f6 11. Re1 fxe5 12. Nxe5 Nxe5 13. dxe5 O-O 14. Bg4 Ng6
15. Qd3 Nxe5 16. Qg3 Nf3+ 17. Bxf3 Qxg3 18. fxg3 c4 19. a5 b6 20. axb6 axb6 21.
Be3 b5 22. Ra7 Rxa7 23. Bxa7 Ra8 24. Ra1 Bc6 25. Ra3 Kf7 26. Bc5 Rxa3 27. Bxa3
e5 28. Bc5 Kf6 29. Kf2 Kf5 30. g4+ Kf6 31. h4 g5 32. g3 h6 33. Bf8 Kg6 34. Bg2
h5 35. gxh5+ Kxh5 36. Bf3+ g4 37. Be2 Bd7 38. Bd6 Bf5 39. Bd1 d4 40. Bxe5 d3
41. cxd3 Bxd3 42. Ke3 Bf5 43. Kf4 Bd7 44. Bc2 Bc6 45. Be4 1-0

[Event "16.Open Seefeld"]
[Site "Oesterreich / Seefeld"]
[Date "2005.09.22"]
[Round "6"]
[White "Verhoef, Helge"]
[Black "Schett, Franz"]
[Result "1-0"]
[WhiteElo "2086"]
[BlackElo "1997"]
[PlyCount "52"]
[EventDate "2005.09.17"]

1. d4 d5 2. c4 c6 3. Nf3 Nf6 4. Nc3 g6 5. Bf4 a6 6. e3 Bg7 7. h3 Nbd7 8. Bd3
Qb6 9. Qc2 O-O 10. O-O Qd8 11. b4 dxc4 12. Bxc4 Nb6 13. Bb3 Nbd5 14. Nxd5 Nxd5
15. Bxd5 Qxd5 16. Qc5 Qd8 17. Rad1 Be6 18. Rd2 Bd5 19. Ne5 f6 20. Nc4 e5 21.
dxe5 fxe5 22. Nxe5 Bxe5 23. Bxe5 Qg5 24. f4 Qf5 25. Ba1 Rf7 26. Qd4 Rff8 1-0

[Event "16.Open Seefeld"]
[Site "Oesterreich / Seefeld"]
[Date "2005.09.22"]
[Round "6"]
[White "Favre, Bruno"]
[Black "Allgaier, Erik"]
[Result "1/2-1/2"]
[WhiteElo "2019"]
[BlackElo "2078"]
[PlyCount "94"]
[EventDate "2005.09.17"]

1. d4 d6 2. Nf3 g6 3. c4 Bg7 4. Nc3 Nc6 5. e3 e5 6. dxe5 dxe5 7. Qxd8+ Nxd8 8.
Bd2 c6 9. Ne4 b6 10. Bc3 f6 11. Nd6+ Ke7 12. Nxc8+ Rxc8 13. O-O-O Nh6 14. h3
Ne6 15. Be2 Nf7 16. Kc2 a5 17. b3 Nc5 18. Nd2 Ne6 19. a3 Rhd8 20. b4 axb4 21.
axb4 Ra8 22. Ra1 f5 23. Rxa8 Rxa8 24. Ra1 Rxa1 25. Bxa1 Kd6 26. Bc3 Bh6 27. Nb3
c5 28. bxc5+ bxc5 29. Nc1 e4 30. Bd2 f4 31. exf4 Nxf4 32. Bxf4+ Bxf4 33. Nb3 h5
34. f3 exf3 35. Bxf3 Ne5 36. Bd5 h4 37. Na5 Be3 38. Kd1 g5 39. Ke2 Bd4 40. Kd2
Ng6 41. Bf3 Bg1 42. Nc6 Ke6 43. Kd3 Nf4+ 44. Ke4 Bf2 45. Nd8+ Kf6 46. Nc6 Be1
47. Ne5 Bb4 1/2-1/2

[Event "16.Open Seefeld"]
[Site "Oesterreich / Seefeld"]
[Date "2005.09.22"]
[Round "6"]
[White "Matt, Stefan"]
[Black "Schirmer, Werner"]
[Result "1/2-1/2"]
[WhiteElo "1816"]
[BlackElo "2053"]
[PlyCount "49"]
[EventDate "2005.09.17"]

1. Nf3 Nf6 2. c4 g6 3. d4 Bg7 4. Nc3 d6 5. e4 O-O 6. h3 e5 7. d5 a5 8. g4 Na6
9. Be3 Nc5 10. Qc2 Qe7 11. O-O-O Bd7 12. Be2 c6 13. Bxc5 dxc5 14. d6 Qe8 15.
Na4 b5 16. Nxc5 Rb8 17. Nxd7 Nxd7 18. c5 a4 19. Kb1 b4 20. Qc1 Qd8 21. Ne1 Qa5
22. Nd3 Rb5 23. Qd2 Nxc5 24. Nxc5 Rxc5 25. Rc1 1/2-1/2

[Event "16.Open Seefeld"]
[Site "Oesterreich / Seefeld"]
[Date "2005.09.22"]
[Round "6"]
[White "Urban, Rudolf"]
[Black "Wiesbeck, Florian"]
[Result "1/2-1/2"]
[WhiteElo "2050"]
[BlackElo "1964"]
[PlyCount "51"]
[EventDate "2005.09.17"]

1. c4 c5 2. Nc3 e6 3. d3 g6 4. g3 Bg7 5. Bg2 Nc6 6. e4 Nge7 7. Nge2 O-O 8. O-O
d6 9. h3 Nd4 10. Nxd4 cxd4 11. Ne2 f5 12. Bg5 Qc7 13. Bxe7 Qxe7 14. exf5 Rxf5
15. Be4 Rf8 16. f4 Rb8 17. Kh2 b6 18. Ng1 Qc7 19. Nf3 Bd7 20. Rc1 Rfe8 21. Qd2
e5 22. fxe5 dxe5 23. Bd5+ Be6 24. Bxe6+ Rxe6 25. Ng5 Re7 26. Ne4 1/2-1/2

[Event "16.Open Seefeld"]
[Site "Oesterreich / Seefeld"]
[Date "2005.09.22"]
[Round "6"]
[White "Willin, Bernhard"]
[Black "Brett, Digby"]
[Result "1-0"]
[WhiteElo "2042"]
[BlackElo "1869"]
[PlyCount "62"]
[EventDate "2005.09.17"]

1. Nf3 Nf6 2. d4 g6 3. c4 Bg7 4. Nc3 O-O 5. g3 d6 6. Qc2 a6 7. Bg2 Nbd7 8. O-O
c6 9. e4 Rb8 10. h3 b5 11. b3 h6 12. Bf4 g5 13. Be3 Qc7 14. Rab1 Bb7 15. c5
dxc5 16. dxc5 Ne5 17. Nd4 Bc8 18. f4 Ng6 19. Nf5 Be6 20. Nxg7 Kxg7 21. f5 Bxb3
22. Rxb3 Ne5 23. Bf2 Rbd8 24. Ne2 Rd7 25. Rbb1 Rfd8 26. Rbd1 Nc4 27. Bd4 Rxd4
28. Rxd4 Rxd4 29. Nxd4 Ne3 30. Qc3 Qxg3 31. Rf2 Nxe4 1-0

[Event "16.Open Seefeld"]
[Site "Oesterreich / Seefeld"]
[Date "2005.09.22"]
[Round "6"]
[White "Kreusch, Frank"]
[Black "Strasser, Josef (A)"]
[Result "1/2-1/2"]
[WhiteElo "2037"]
[BlackElo "1917"]
[PlyCount "21"]
[EventDate "2005.09.17"]

1. e4 c6 2. Nc3 d5 3. Qf3 d4 4. Bc4 Nf6 5. Nce2 e5 6. Qg3 Nbd7 7. d3 g6 8. Nf3
Nh5 9. Qg5 Be7 10. Qh6 Bf8 11. Qg5 1/2-1/2

[Event "16.Open Seefeld"]
[Site "Oesterreich / Seefeld"]
[Date "2005.09.22"]
[Round "6"]
[White "Kircher, Werner"]
[Black "Schwammberger, Eugen"]
[Result "1/2-1/2"]
[WhiteElo "2092"]
[BlackElo "1950"]
[PlyCount "48"]
[EventDate "2005.09.17"]

1. c4 c5 2. Nf3 Nc6 3. g3 g6 4. Bg2 Bg7 5. O-O Nf6 6. d4 cxd4 7. Nxd4 O-O 8.
Nc3 Nxd4 9. Qxd4 d6 10. Qd3 Rb8 11. b3 Bd7 12. Rb1 Qc8 13. e4 Bh3 14. Nd5 Re8
15. Bb2 Bxg2 16. Kxg2 Nh5 17. Bxg7 Nxg7 18. f4 f5 19. Rbe1 Qc6 20. h3 Kf7 21.
Kh2 e6 22. Nc3 Rbd8 23. g4 a6 24. Re2 Qc5 1/2-1/2

[Event "16.Open Seefeld"]
[Site "Oesterreich / Seefeld"]
[Date "2005.09.22"]
[Round "6"]
[White "Wawrinsky, Ludwig"]
[Black "Oettinger, Hagen"]
[Result "1/2-1/2"]
[WhiteElo "1916"]
[BlackElo "2100"]
[PlyCount "68"]
[EventDate "2005.09.17"]

1. e4 e6 2. d4 d5 3. Nd2 Nf6 4. e5 Nfd7 5. Bd3 c5 6. c3 Nc6 7. Ndf3 Qb6 8. Ne2
cxd4 9. cxd4 Bb4+ 10. Kf1 Be7 11. h4 f6 12. Nf4 Ndxe5 13. dxe5 fxe5 14. Nh5 e4
15. Nxg7+ Kf7 16. Ng5+ Kxg7 17. Qh5 Bxg5 18. Qxg5+ Kf7 19. Be2 Ne7 20. Bh5+ Ng6
21. Qe5 Kg8 22. Bxg6 hxg6 23. Qf6 e5 24. Qxe5 Qe6 25. Qg5 Bd7 26. Be3 Rh5 27.
Qg3 a5 28. Rc1 Bc6 29. Bd4 Rf8 30. Qc7 Rh7 31. Qg3 Qf5 32. Re1 Qh5 33. Kg1 Rhf7
34. Qg5 Rf5 1/2-1/2